Immobilienfinanzierung in den Ländern der Europäischen Gemeinschaft <Ein> Überblick

Gespeichert in:
Bibliographische Detailangaben
1. Verfasser: Steiner, Claus
Format: Buch
Sprache:Deutsch
Veröffentlicht: Frankfurt am Main Knapp 1990
Ausgabe:1. Aufl.
Schriftenreihe:Taschenbücher für Geld, Bank und Börse Bd.100
Schlagworte:
Tags: Tag hinzufügen
Keine Tags, Fügen Sie das erste Tag hinzu!

MARC

LEADER 00000nam a2200000 4500
001 c003874
005 20221215125340.7
020 |a 3-7819-1161-6 
041 0 |a ger 
044 |a DE 
245 1 0 |a Immobilienfinanzierung in den Ländern der Europäischen Gemeinschaft  |b <Ein> Überblick  |c Claus Steiner 
250 |a 1. Aufl. 
264 1 |a Frankfurt am Main  |b Knapp  |c 1990 
300 |a 215 s. 
490 1 |a Taschenbücher für Geld, Bank und Börse  |v Bd.100 
830 0 |a Taschenbücher für Geld, Bank und Börse  |v Bd.100 
610 2 0 |a financovanie 
610 2 0 |a nehnuteľnosti 
610 2 0 |a Európske spoločenstvá 
610 2 0 |a Belgicko 
610 2 0 |a Dánsko 
610 2 0 |a Francúzsko 
610 2 0 |a Grécko 
610 2 0 |a Veľká Británia 
610 2 0 |a Taliansko 
610 2 0 |a Holandsko 
610 2 0 |a Portugalsko 
610 2 0 |a Španielsko 
100 1 |a Steiner, Claus